00415 2200157 4500001002100000005001500021035002000036245006500056100001700121300002800138260003500166082000800201084001400209020002200223990001200245INLIS00000000000169220250430084527 a0010-04250001081 aCara Mudah & Praktis Belajar Public Speaking /cMulasih Tary0 aMulasih Tary a164 hlm ;c14 x 20,5 cm aYogyakarta :bChecklist,c2022 a410 a410 MUL c a978-623-7661-09-2 a0754651